| 000 | 00438nam a2200157Ia 4500 | ||
|---|---|---|---|
| 008 | 230312s9999||||xx |||||||||||||| ||und|| | ||
| 020 | _a969-417-178 | ||
| 082 |
_a614.542 _bMUH-L |
||
| 100 | _aDr.Muhammad Anwar Sulehri | ||
| 245 | 0 | _aLady Health Worker's Role Assessment in TB-DOTS Program of N.P.F.P and PHC | |
| 260 |
_bHEC _aPakistan _c2012 |
||
| 300 | _a87 | ||
| 546 | _aEng. | ||
| 650 |
_aMedical _vCommunity Medicine |
||
| 942 | _cBK | ||
| 999 |
_c7407 _d7407 |
||